Introducción a los Procesos Orales en Materia Penal (Registro nro. 162246)
[ vista simple ]
| 000 -LEADER | |
|---|---|
| fixed length control field | 00990nam a22002417a 4500 |
| 007 - PHYSICAL DESCRIPTION FIXED FIELD--GENERAL INFORMATION | |
| fixed length control field | cr|||| |||| |
| 008 - FIXED-LENGTH DATA ELEMENTS--GENERAL INFORMATION | |
| fixed length control field | 130308e2009 mx |||||s|||| 00||0 spa d |
| 035 ## - | |
| -- | 7390 |
| 040 ## - CATALOGING SOURCE | |
| Original cataloging agency | vLex |
| 090 ## - | |
| -- | 3866 |
| -- | 3866 |
| 100 10 - MAIN ENTRY--PERSONAL NAME | |
| Personal name | Martínez-Bastida, Eduardo |
| 245 10 - TITLE STATEMENT | |
| Title | Introducción a los Procesos Orales en Materia Penal |
| Statement of responsibility, etc | / Eduardo Martínez-Bastida |
| Medium | [Recurso electrónico] |
| 250 ## - | |
| -- | 2a ed. |
| 256 ## - | |
| -- | Servicio en línea |
| 260 ## - PUBLICATION, DISTRIBUTION, ETC. (IMPRINT) | |
| Place of publication, distribution, etc | Coyoacán : |
| Name of publisher, distributor, etc | Raúl Juárez Carro Editorial, |
| Date of publication, distribution, etc | 2009 |
| 300 ## - PHYSICAL DESCRIPTION | |
| Extent | 1 Recurso electrónico |
| 506 ## - RESTRICTIONS ON ACCESS NOTE | |
| Authorized users | vLex Global |
| -- | vLex Global (Academic Edition, excluding Law Schools) |
| -- | vLex Global (U.S. Academic Edition, Law Schools) |
| -- | vLex Global (U.S. Academic Edition, excluding Law Schools) |
| -- | vLex Global (Academic Edition, Law Schools) |
| 650 04 - SUBJECT ADDED ENTRY--TOPICAL TERM | |
| Topical term or geographic name as entry element | Procedimiento penal |
| Geographic subdivision | México |
| 740 ## - | |
| -- | vLex Libros (Servicio en línea) |
| 856 ## - LOCALIZACIÓN Y ACCESO ELECTRÓNICO | |
| Host name | Acceso restringido |
| Identificador Uniforme del Recurso (URI/URL) | http://www.vlex.com/source/7390 |
| 942 ## - | |
| -- | RAA |
| 999 ## - | |
| -- | 162246 |
| -- | 162246 |
No hay ítems disponibles.